Los proyectos en el aula: hacia un aprendizaje significativo en una escuela para la diversidad

Guardat en:
Dades bibliogràfiques
Autor principal: Starico de Accomo, Mabel Nelly (Autor)
Format: Llibre
Idioma:espanyol
Publicat: Buenos Aires Magisterio del Río de La Plata 1999
Edició:3a. ed
Col·lecció:Respuestas Educativas. Serie Aula EGB
Matèries:
Etiquetes: Afegir etiqueta
Sense etiquetes, Sigues el primer a etiquetar aquest registre!

MARC

LEADER 00000nam a2200000 a 4500
001 UCL0169
003 CL-VaPUC
008 030627e19990000AG |||||||||||||||||spa|d
082 0 4 |a 371.36  |b STA  |2 21 
100 0 |a Starico de Accomo, Mabel Nelly  |e author  |9 476932 
245 1 4 |a Los proyectos en el aula: hacia un aprendizaje significativo en una escuela para la diversidad 
250 |a 3a. ed 
300 |a 157 p 
942 |c BK 
945 |d 20030627 00:00:00  |a cmena 
260 |a Buenos Aires  |b Magisterio del Río de La Plata  |c 1999 
650 0 |a Métodos de enseñanza  |9 270413 
650 0 |a Trabajo grupal  |9 476933 
650 0 |a Aprendizaje   |9 254827 
650 0 |a Innovaciones pedagógicas  |9 307471 
583 |a last modification  |c 20030627 00:00:00  |k Rodrigo Vera 
490 0 |a Respuestas Educativas. Serie Aula EGB 
999 |c 304187  |d 304185 
952 |0 0  |1 0  |4 0  |6 371_360000000000000_STA_1999  |7 0  |8 A  |9 366075  |a BIBEDU  |b BIBEDU  |d 2019-11-21  |i 3918580  |o 371.36 STA 1999  |p 3918580  |r 2019-11-21  |w 2019-11-21  |y BK  |k EPE